Making a canon: (Record no. 1435619)
[ view plain ]
| 000 -LEADER | |
|---|---|
| fixed length control field | 00728 a2200229 4500 |
| 005 - DATE AND TIME OF LATEST TRANSACTION | |
| control field | 20251107114829.0 |
| 008 - FIXED-LENGTH DATA ELEMENTS--GENERAL INFORMATION | |
| fixed length control field | 251107b |||||||| |||| 00| 0 eng d |
| 020 ## - INTERNATIONAL STANDARD BOOK NUMBER | |
| International Standard Book Number | 9780226836065 (hbk) |
| 037 ## - SOURCE OF ACQUISITION | |
| Terms of availability | TB |
| 040 ## - CATALOGING SOURCE | |
| Original cataloging agency | CRL |
| Transcribing agency | CRL |
| 041 ## - LANGUAGE CODE | |
| Source of code | eng |
| Language code of text/sound track or separate title | eng |
| 084 ## - COLON CLASSIFICATION NUMBER | |
| Classification number | NA4498,C R4 |
| Assigning agency | CRL |
| 100 ## - MAIN ENTRY--PERSONAL NAME | |
| Personal name | Leoshko, Janice |
| 9 (RLIN) | 821640 |
| 245 ## - TITLE STATEMENT | |
| Title | Making a canon: |
| Remainder of title | Ananda K. Coomaraswamy, Sri Lanka, and the place of buddhist art |
| 260 ## - PUBLICATION, DISTRIBUTION, ETC. | |
| Name of publisher, distributor, etc. | University of Chicago Press, |
| Date of publication, distribution, etc. | 2024. |
| Place of publication, distribution, etc. | Chicago, USA; |
| 300 ## - PHYSICAL DESCRIPTION | |
| Extent | xiii, 281p. |
| 365 ## - TRADE PRICE | |
| Price amount | 45.00 |
| Currency code | USD |
| 490 ## - SERIES STATEMENT | |
| Series statement | Buddhism and modernity |
| 650 ## - SUBJECT ADDED ENTRY--TOPICAL TERM | |
| Topical term or geographic name entry element | Fine Arts |
| 9 (RLIN) | 850413 |
| 942 ## - ADDED ENTRY ELEMENTS (KOHA) | |
| Koha item type | Textbook |
| Source of classification or shelving scheme | Colon Classification (CC) |
| Suppress in OPAC | No |
| Classification part | NA4498,C R4 |
| Withdrawn status | Lost status | Source of classification or shelving scheme | Damaged status | Not for loan | Home library | Current library | Date acquired | Source of acquisition | Cost, normal purchase price | Inventory number | Total Checkouts | Full call number | Barcode | Date last seen | Cost, replacement price | Price effective from | Koha item type |
|---|---|---|---|---|---|---|---|---|---|---|---|---|---|---|---|---|---|
| Colon Classification (CC) | Central Library | Central Library | 2025-10-17 | 53/ Pioneer Books Distributors | 3194.28 | 092 & 2025-10-07 | NA4498,C R4 | CL1924149 | 2025-10-17 | 3992.85 | 2025-10-17 | Textbook |
